Il Novecento italiano : Eventi testi immagini

Na minha lista:
Detalhes bibliográficos
Autor principal: Marnieri, Maria Teresa
Formato: Livro
Idioma:Undetermined
Publicado em: San José, Costa Rica Universidad de Costa Rica 2006
Assuntos:
Tags: Adicionar Tag
Sem tags, seja o primeiro a adicionar uma tag!

MARC

LEADER 00000nam a2200000Ia 4500
008 170316s9999 xx 000 0 und d
999 |c 8165  |d 8165 
040 |a cru BVZT 
090 |a 850 M-10i 
100 |a Marnieri, Maria Teresa 
245 |a Il Novecento italiano : Eventi testi immagini  |c / Marnieri, Maria Teresa 
260 |a San José, Costa Rica  |b Universidad de Costa Rica  |c 2006 
300 |a 136 páginas 
650 |a LITERATURA ITALIANA  |9 212 
650 |a ENSEÑANZA DEL ITALIANO 
650 |a ITALIANO PARA EXTRAGEROS 
650 |a EN IDIOMA ITALIANO 
650 |a MATERIAL DIDÁCTICO 
942 |c SALA  |h 850 M-10i  |2 z